000 00313nam a22001457a 4500
003 SGT
020 _a978-93-5540-020-8
082 _a581.1
_bSHI
100 _aSHIL, SANJOY
245 _aPLANT PHYSIOLOGY
260 _aDELHI
_bKALYANI
_c2022
300 _a649
650 _aPLANT PHYSIOLOGY
942 _2ddc
_cBK
_01
999 _c25683
_d25683